Jóvahagyot választás

Správa o tom, že bolo opätovne potvrdené zvolenie Jána Némethyho do mestského zastupiteľstva v Humennom v decembri 1913 napriek mnohým protihlasom.

Podrobná bibliografia
Médium: Článok
Jazyk:Hungarian
Témy:
Zdroj: 1. Felvidéki Hirlap 1. Roč. 7, č. 9 (01.03.1914) s. 2
LEADER 00932nab#a2200301#ar4500
001 000074440
003 SVKKK
005 20041227xxxxxxx.
008 06 c xo huno
FMT
038 |a SVKKK 
040 |a SVKKK  |b slo  |e AACR2 
041 0 |a hun 
044 |a xo  |c SK 
080 |a 352 
242 1 0 |a Odsúhlasená voľba 
245 0 0 |a Jóvahagyot választás 
500 |a mikrofilm 
520 2 |a Správa o tom, že bolo opätovne potvrdené zvolenie Jána Némethyho do mestského zastupiteľstva v Humennom v decembri 1913 napriek mnohým protihlasom. 
650 0 4 |a zastupiteľstvo mestské, Humenné - Némethy, Ján (činovník mestský) - voľba do zastupiteľstva (potvrdenie) - december 1913 - správy 
773 0 |t Felvidéki Hirlap  |g Roč. 7, č. 9 (01.03.1914) s. 2 
957 |a Humenné 
958 |a DG 
958 |a SK 
974 |a Ba  |d 20041227 
992 |a RBX 
BAS
998 |a RETRO